Emoji Quiz #33 - Statistics

General Stats
  • This quiz has been taken 23 times
  • The average score is 18 of 25
Answer Stats
Hint Answer % Correct
πŸ₯„ {spoon}
100%
🍴 {fork} and {knife}
94%
πŸ₯ {kiwi} fruit
89%
πŸ₯₯ {coconut}
83%
🍌 {banana}
78%
🌽 ear of {corn}
78%
🌢️ hot {pepper}
78%
πŸ‘ {peach}
78%
🍍 {pineapple}
78%
🍎 red {apple}
78%
πŸ… {tomato}
78%
πŸ‰ {watermelon}
78%
πŸ’ {cherries}
72%
πŸ‡ {grape}
72%
πŸ‹ {lemon}
72%
πŸ‹β€πŸŸ© {lime}
72%
🍐 {pear}
72%
πŸ“ {strawberry}
72%
🫐 {blueberries}
67%
πŸ† {eggplant}
67%
🍈 {melon}
67%
πŸ₯­ {mango}
61%
πŸ«’ {olive}
56%
🍊 {tangerine}
39%
🏺 {amphora}
22%
No matching quizzes found
Score Distribution
Percent of People with Each Score
Percentile by Number Answered
Your Score History
You have not taken this quiz